| 000 | 00890nas a2200241 i 4500 | ||
|---|---|---|---|
| 001 | 1408 | ||
| 003 | ES-MaACL | ||
| 005 | 20251013212512.0 | ||
| 008 | 950801b18641906fr |0p | ||re d | ||
| 080 | _a44 | ||
| 080 | _a82-93(082.2) | ||
| 245 | 0 | 0 |
_aMagasin d'éducation et de récreátion / _cpublié par Jean Macé et P.J. Stahl. |
| 260 |
_aParis : _bBibliothèque d'Education et de Récréation, _c1864-1906 ( _fJ. Claye) |
||
| 300 |
_a2 v. : _bil. ; _c27 cm. |
||
| 362 | 0 | _a[1. année], t. 1 (1864)-30. année, t. 60 (1894) ; 1. année, t. 1 (1895)-12. année, t. 24 (1906) | |
| 650 | 4 |
_aRevistas de información general. _916896 |
|
| 650 | 7 |
_aLiteratura infantil _2embne _9148145 |
|
| 700 | 1 |
_aMacé, Jean, _d1815-1894 _9129307 |
|
| 700 | 1 |
_aHetzel, Pierre-Jules, _d1814-1886 _9140303 |
|
| 852 |
_aES-MaACL _jF-15590-91 |
||
| 866 | 0 | _o1864-1865. | |
| 999 |
_c1408 _d1408 |
||